Ocho documentos doctrinales de la Sagrada Congregación para la Doctrina de la Fe / (Record no. 46533)

MARC details
000 -LEADER
campo de control de longitud fija 01444nam a2200337 i 4500
001 - NÚMERO DE CONTROL
campo de control 46533
003 - IDENTIFICADOR DE NÚMERO DE CONTROL
campo de control ES-MaACL
005 - FECHA Y HORA DE LA ÚLTIMA TRANSACCIÓN
campo de control 20250831063032.0
007 - CAMPO FIJO DE DESCRIPCIÓN FÍSICA--INFORMACIÓN GENERAL
campo de control de longitud fija t|
008 - DATOS DE LONGITUD FIJA--INFORMACIÓN GENERAL
campo de control de longitud fija 030331e1981 sp |r 00110 spa
017 ## - NÚMERO DE COPYRIGHT O DE DEPÓSITO LEGAL
Número de copyright o de depósito legal V 427-1982
Agencia que asigna Oficina Depósito Legal Valencia
020 ## - NÚMERO INTERNACIONAL ESTÁNDAR DEL LIBRO
Número Internacional Estándar del Libro 84-600-2590-X
040 ## - FUENTE DE CATALOGACIÓN
Centro/agencia transcriptor ES-MaACL
080 ## - NÚMERO DE LA CLASIFICACIÓN DECIMAL UNIVERSAL
Número de la Clasificación Decimal Universal 23
110 2# - ENTRADA PRINCIPAL--NOMBRE DE ENTIDAD CORPORATIVA
Nombre de entidad corporativa o nombre de jurisdicción como elemento de entrada Iglesia Católica
Unidad subordinada Congregatio pro Doctrina Fidei
Término indicativo de función/relación entidad responsable
9 (RLIN) 137911
245 10 - MENCIÓN DEL TÍTULO
Título Ocho documentos doctrinales de la Sagrada Congregación para la Doctrina de la Fe /
Mención de responsabilidad, etc. [editados por la] Conferencia Episcopal Española, Secretariado de la Comisión Episcopal para la Doctrina de la Fe
246 1# - FORMA VARIANTE DEL TITULO
Título propio/Titulo breve 8 documentos doctrinales de la Sagrada Congregación para la Doctrina de la Fe
260 ## - PUBLICACIÓN, DISTRIBUCIÓN, ETC.
Lugar de publicación, distribución, etc. Madrid :
Nombre del editor, distribuidor, etc. [Real Colegio del Corpus Christi],
Fecha de publicación, distribución, etc. 1981
300 ## - DESCRIPCIÓN FÍSICA
Extensión 243 páginas ;
Dimensiones 22 cm
490 1# - MENCIÓN DE SERIE
Mención de serie Biblioteca doctrinal: documenta ;
Designación de volumen o secuencia 1
RLIN 242148
546 ## - NOTA DE IDIOMA
Nota de lengua/lenguaje Texto paralelo en latín y español
650 #7 - PUNTO DE ACCESO ADICIONAL DE MATERIA--TÉRMINO DE MATERIA
Término de materia o nombre geográfico como elemento de entrada Teología dogmática
Fuente del encabezamiento o término embne
9 (RLIN) 17468
710 2# - ENTRADA AGREGADA--NOMBRE DE ENTIDAD CORPORATIVA
Nombre de entidad corporativa o nombre de jurisdicción como elemento de entrada Conferencia Episcopal Española
Término indicativo de función/relación Editor
9 (RLIN) 3172
710 2# - ENTRADA AGREGADA--NOMBRE DE ENTIDAD CORPORATIVA
Nombre de entidad corporativa o nombre de jurisdicción como elemento de entrada Real Colegio-Seminario de Corpus Christi
Término indicativo de función/relación Editor
9 (RLIN) 134787
740 0# - ENTRADA AGREGADA--TÍTULO RELACIONADO/ANALÍTICO NO CONTROLADO
Título relacionado o analítico no controlado 8 documentos doctrinales de la Sagrada Congregación para la Doctrina de la Fe.
830 #0 - PUNTO DE ACCESO ADICIONAL DE SERIE-TÍTULO UNIFORME
9 (RLIN) 242148
Título uniforme Biblioteca doctrinal: documenta ;
Designación de volumen o secuencia 1
852 4# - LOCALIZACIÓN
Ubicación ES-MaACL
Sublocalización o colección R.102940
Ubicación en estantería Depósito 2
Número de control de estantería L-1932
942 ## - ELEMENTOS DE ENTRADA SECUNDARIOS (KOHA)
Fuente del sistema de clasificación o colocación Clasificación decimal universal
Tipo de ítem Koha Libro impreso
Suprimir en OPAC No
Holdings
Estatus retirado Estado de pérdida Estado de daño No para préstamo Biblioteca de origen Biblioteca actual Ubicación en estantería Fecha de adquisición Fuente de adquisición Total de préstamos Signatura topográfica completa Código de barras Visto por última vez Precio de reemplazo Tipo de ítem Koha
        Biblioteca del Ateneo de Madrid Biblioteca del Ateneo de Madrid Depósito 2 17/01/2008     L-1932 1048937 23/02/2023 23/02/2023 Libro impreso